Statistics for Countries and Capitals by First and Last Letter #3

Click here to take the quiz!

General Stats

  • This quiz has been taken 493 times
    (443 since last reset)
  • The average score is 14 of 28

Answer Stats

Answer % Correct
Nauru
90%
Benin
86%
Latvia
78%
Lithuania
77%
Kenya
77%
Greece
72%
Liberia
67%
Bhutan
63%
Libya
63%
Bahrain
59%
Berlin
59%
Dominica
51%
Dhaka
51%
Luanda
50%
Lusaka
44%
Bern
44%
Doha
42%
Lima
40%
Kinshasa
37%
Kampala
37%
Belmopan
31%
Dodoma
28%
Gaborone
28%
Nassau
25%
Ljubljana
20%
Bridgetown
16%
Bandar Seri Begawan
16%
Bloemfontein
9%

Score Distribution

Percentile by Number Answered

Percent of People with Each Score

Your Score History

You have not taken this quiz since the last reset